000 00377nam a2200157Ia 4500
008 210716s2003 xx 000 0 und d
020 _a0072502908
041 _aeng
082 _a657.046 LARE
100 _aLarsen, E John.
245 _aModern advanced accounting.
250 _a9
260 _aNew Delhi
_bIrwin
_c2003
300 _axviii,853
650 _aAccounting(657)
999 _c202944
_d202944